Normal view MARC view
  • Travis, John C

Entry Personal Name

Number of records used in: 1

001 - CONTROL NUMBER

  • control field: 96538

003 - CONTROL NUMBER IDENTIFIER

  • control field: NUST

005 - DATE AND TIME OF LATEST TRANSACTION

  • control field: 20220804134248.0

008 - FIXED-LENGTH DATA ELEMENTS

  • fixed length control field: 220804|| aca||aabn | a|a d

040 ## - CATALOGING SOURCE

  • Original cataloging agency: NUST
  • Transcribing agency: NUST

100 ## - HEADING--PERSONAL NAME

  • Personal name: Travis, John C

670 ## - SOURCE DATA FOUND

  • Source citation: Work cat.: (NUST)175563: Laser-enhanced ionization spectrometry /, c1996.
© 2023 Central Library, National University of Sciences and Technology. All Rights Reserved.